00338 a2200097 4500001000900000005001700009008004100026245009200067100002100159773006000180ART_699920260410161659.0260409a 10aTamaño de los préstamos y predictibilidad de las pérdidas de cartera en Argentina1 aBebczuk, Ricardo0 tEnsayos Económicosg- Nº 49 (oct./dic. 2007)wREV620